=LDR 00000nam 2200000 4500 =001 INLIS000000000036146 =005 20251106105316 =035 ##$$a 0010-061300000036146 =008 251106################d##########0#ind## =041 ##$$a Ind =082 ##$$a 028.5 =090 ##$$a 028.5, Kwo m =100 ##$$a Kwok Yuem Ming =245 1#$$a Mahatma gandhi, /$c Kwok Yuen Ming ; alih bahasa, Klara Siauw =260 ##$$a Jakarta :$b Elex Media Koputindo,$c 2006 =300 ##$$a 110 hlm, ilus, 22 cm : $b ilus. ; $c 21 x 14 cm. =650 #4$$a Bacaan kanak-kanak =700 #$$a Siauw, Nara =850 ##$$a NBPNMAT =020 ##$$a 979-637-422-6 =084 ##$$a 028.5 KWO m =990 ##$$a 0001/BPAP-NTB/2015 =990 ##$$a 0001/BPAP-NTB/2016 =990 ##$$a 16531653 =990 ##$$a 21100367 =990 ##$$a 0001/BPAP-NTB/2015 =990 ##$$a 0001/BPAP-NTB/2016